| 000 | 00795nam a2200205 i 4500 | ||
|---|---|---|---|
| 001 | 46759 | ||
| 003 | ES-MaACL | ||
| 005 | 20230906161437.0 | ||
| 007 | t| | ||
| 008 | 030401s1965 sp a ||||1| spa d | ||
| 080 | _a616.3:061.3 | ||
| 111 | 2 |
_aCongreso Español de Patología Digestiva y de la Nutrición ( _d1965. _cOviedo) _9358 |
|
| 245 | 1 | 0 | _aX Congreso Español de Patología Digestiva y de la Nutrición. |
| 260 |
_aOviedo : _b[s.n., _c1965] |
||
| 300 |
_a2 v. : _bil. bl. y n. ; _c24 cm. |
||
| 500 | _aFalta el T. II. | ||
| 505 | 8 | 0 | _aContiene: T.I. Ponencia "Cáncer de esófago".- T.III. Ponencia "Lesiones Quirúrgicas de las vías biliares" segunda parte |
| 650 | 0 | 4 |
_aAparato digestivo- _xEnfermedades- _vCongresos y asambleas. _99907 |
| 852 |
_aES-MaACL _j2274-F-12-13 _xOlim P-1101 |
||
| 999 |
_c46759 _d46759 |
||